00522pab a2200181 454500008004000000100002000040245004900060260000900109300001300118362000800131650003100139650001600170773001600186908000600202909001000208999001700218952010500235180718b2009 xxu||||| |||| 00| 0 eng d aPerumal, V.M.S. aFood security and public distribution system c2009 ap.28-29. aSep aPublic distribution system aFood supply aKurukshetra aN a84052 c84052d84052 00104070aIIPAbIIPAd2018-07-19hVolume no: 57, Issue no: 11pAR84512r2018-07-19w2018-07-19yAR